000 00650nam a2200193 a 4500
005 20140310183311.0
008 050913s19uu xx 00 eng d
020 _a0070612595
050 _aQA 276.19
_b.St74 1998
100 _aStephens, Larry J.
245 _aSchaum's outline of theory and problems of beginning statistics /
_cLarry J. Stephens
260 _aNew York :
_bMcGrawHill,
_c1998.
300 _a371 p. :
_bill. ;
_c28 cm.
440 _aSchaum's Outline Series
650 _aMathematical statistics.
_xOutlines, syllabi, etc.
650 _aMathematical statistics
_xProblems, exercises, etc.
942 _cBK
_2lcc
_kFOR
999 _c21162
_d21162